LEADER 00815nam0-22003011i-450- 001 990002582940403321 010 $a0-7167-1195-8 035 $a000258294 035 $aFED01000258294 035 $a(Aleph)000258294FED01 035 $a000258294 100 $a20000920d1983----km-y0itay50------ba 101 0 $aENG 200 1 $aLinear programming$fVasek Chvatal. 210 $aNew York$cFreeman$d1983. 215 $axiii, 478 p.$d24 cm 610 0 $aProgrammazione lineare e non lineare 610 0 $aRicerca operativa e programmazione 676 $a519.7 700 1$aChvatal,$bVasek$0104966 801 0$aIT$bUNINA$gRICA$2UNIMARC 901 $aBK 912 $a990002582940403321 952 $aMXVIII-B-65$b411$fMAS 959 $aMAS 996 $aLinear programming$9436306 997 $aUNINA DB $aING01